| Record ID | ia:henryirvingsimpr01hatt |
| Source | Internet Archive |
| Download MARC XML | https://archive.org/download/henryirvingsimpr01hatt/henryirvingsimpr01hatt_marc.xml |
| Download MARC binary | https://www.archive.org/download/henryirvingsimpr01hatt/henryirvingsimpr01hatt_meta.mrc |
LEADER: 01056cam a2200301 a 4500
001 1561493
008 831215s1884 enk 1 eng d
035 $a(Sirsi) AZG-1051
035 00 $iMARION/AOY-8928/OLDFIELD
035 $a(OCoLC)1807467
040 $aCaOTUTF$beng$cCaOTUTF
090 09 $aB-12 7201$bRBSC$c1$dv.1-2
100 1 $aHatton, Joseph,$d1841-1907.
245 10 $aHenry Irving's impressions of America :$bnarrated in a series of sketches, chronicles and conversations /$cby Joseph Hatton ; in two volumes.
250 $a2nd ed.
260 $aLondon :$bS. Low, Marston, Searle & Rivington,$c1884.
300 $a2 v.
500 $aIncludes advertisements.
596 $a32
600 10 $aIrving, Henry,$cSir,$d1838-1905.
651 0 $aUnited States$xDescription and travel.
651 0 $aOntario$xDescription and travel
690 $acanimp$y1884
700 1 $aIrving, Henry,$cSir,$d1838-1905.
948 $a01/29/1998$b02/09/1998
039 $aRB72713-$cRB72714$bv.1-2$fPO
598 $aNEW
926 $aFISHER$bRAREBOOKS$cB-12 07201 V.1-2$dBOOK$f1